000
00245nam a2200097Ia 4500
001
729296
005
20250826163525.0
008
250824s9999 xx 000 0 und d
245
0
_a
RUHUNU HARAMDAN SAKIN
_c
MERVE ÖZCAN
260
_b
PORTAKAL YAYINLARI
999
_c
729296
_d
729296